مباحث في أسلوب القرآن / (رقم التسجيلة. 27005)
[ عرض عادي ]
| 000 -الفاتح | |
|---|---|
| حقل البيانات ثابتة الطول | 00773nam a22002297a 4500 |
| 003 - محدد رقم الضبط | |
| رقم الضبط | OSt |
| 005 - وقت وتاريخ اخر تعامل مع التسجيلة | |
| رقم الضبط | 20150408114111.0 |
| 008 - عناصر البيانات ثابتة الطول - معلومات عامة | |
| حقل البيانات ثابتة الطول | 130126s2013 jo ||||g b 00| 0 ara d |
| 020 ## - الرقم الدولى المعيارى للكتب | |
| الرقم الدولى المعيارى للكتاب | 9789957742133 |
| 040 ## - مصدر الفهرسة | |
| وكالة الفهرسة الأصلية | MU |
| 082 ## - رقم تصنيف ديوى العشرى | |
| رقم الطبعة | 21 |
| رقم التصنيف | 224.2 |
| رقم المادة | ج هـ م |
| 100 1# - المدخل الرئيسى - إسم شخصى | |
| الإسم الشخصى | الجطلاوي، الهادي |
| 9 (RLIN) | 14168 |
| 245 10 - بيان العنوان | |
| العنوان | مباحث في أسلوب القرآن / |
| بيان المسئوليه,etc | الهادي الجطلاوي. |
| 250 ## - بيان الطبعة | |
| بيان الطبعة | ط. 1. |
| 260 ## - PUBLICATION, DISTRIBUTION, ETC. (IMPRINT) | |
| مكان الناشر او الموزع | عمان، الأردن : |
| اسم الناشر او الموزع | دار كنوز المعرفة، |
| تاريخ النشر أو التوزيع | 2013. |
| 300 ## - الوصف المادى | |
| التعداد | 280 ص. : |
| تفاصيل ماديه اخرى للوعاء | جداول ؛ |
| أبعاد الوعاء | 24 سم. |
| 504 ## - تبصرة ببليوجرافية | |
| تبصرة ببليوجرافية,الخ | يشتمل على إرجاعات ببليوجرافية. |
| 650 #4 - المدخل الاضافى بالموضوع-مصطلح موضوعى | |
| مصطلح موضوعي أو اسم جغرافي كعنصر مدخل | القرآن |
| التقسيم الفرعي العام | بحوث. |
| 650 #4 - المدخل الاضافى بالموضوع-مصطلح موضوعى | |
| مصطلح موضوعي أو اسم جغرافي كعنصر مدخل | القرآن |
| التقسيم الفرعي العام | ألفاظ. |
| 9 (RLIN) | 677 |
| 650 #4 - المدخل الاضافى بالموضوع-مصطلح موضوعى | |
| مصطلح موضوعي أو اسم جغرافي كعنصر مدخل | القرآن |
| التقسيم الفرعي العام | نحو. |
| 9 (RLIN) | 19751 |
| 942 ## - عناصر المدخل الإضافي( كوها) | |
| مصدر التصنيف او مخطط الترفيف | Dewey Decimal Classification |
| Koha [default] item type | DVD |
| حالة الفقد | نموذج السعر الفعال | حالة تلف | ليس للاعارة | رقم الطلب | رقم النسخة | تاريخ الاكتساب | الموقع الحالي | الباركود | الفرع الرئيسي | Date last seen | نوع المادة فى نظام كوها | مصدر التصنيف او خطة الترفيف | Total Checkouts | Date last checked out | مُعار |
|---|---|---|---|---|---|---|---|---|---|---|---|---|---|---|---|
| 2013-03-10 | 224.2 ج هـ م | ن 1 | 2013-01-26 | المكتبة المركزية بالمجمعة (CL) | 00108037 | المكتبة المركزية بالمجمعة (CL) | 2013-03-10 | كتاب | Dewey Decimal Classification | ||||||
| 2013-03-10 | 224.2 ج هـ م | ن 2 | 2013-01-26 | المكتبة المركزية بالمجمعة (CL) | 00108038 | المكتبة المركزية بالمجمعة (CL) | 2013-03-10 | كتاب | Dewey Decimal Classification | ||||||
| 2013-03-10 | 224.2 ج هـ م | ن 3 | 2013-01-26 | المكتبة المركزية بالمجمعة (CL) | 00108039 | المكتبة المركزية بالمجمعة (CL) | 2013-03-10 | كتاب | Dewey Decimal Classification | ||||||
| 2013-03-10 | 224.2 ج هـ م | ن 1 | 2013-01-26 | المكتبة المركزية بالمجمعة (CL) | 00108040 | مكتبة مجمع الكليات بالزلفى - طلاب (SZM) | 2024-09-01 | كتاب | Dewey Decimal Classification | 2 | 2024-09-01 | 2024-12-15 | |||
| 2013-03-10 | 224.2 ج هـ م | ن 1 | 2013-01-26 | مكتبة كلية العلوم و الدراسات الإنسانية برماح - طالبات (SRF) | 00108042 | مكتبة كلية العلوم و الدراسات الإنسانية برماح - طالبات (SRF) | 2013-03-10 | كتاب | Dewey Decimal Classification | ||||||
| 2013-03-10 | 224.2 ج هـ م | ن 2 | 2013-01-26 | مكتبة كلية العلوم و الدراسات الإنسانية برماح - طالبات (SRF) | 00108043 | مكتبة كلية العلوم و الدراسات الإنسانية برماح - طالبات (SRF) | 2013-03-10 | كتاب | Dewey Decimal Classification | ||||||
| 2013-03-10 | 224.2 ج هـ م | ن 1 | 2013-01-26 | مكتبة كلية العلوم و الدراسات الإنسانية برماح - طلاب (SRM) | 00108044 | مكتبة كلية العلوم و الدراسات الإنسانية برماح - طلاب (SRM) | 2015-01-06 | كتاب | Dewey Decimal Classification | 1 | 2014-12-16 | ||||
| 2013-03-10 | 224.2 ج هـ م | ن 2 | 2013-01-26 | مكتبة كلية العلوم و الدراسات الإنسانية برماح - طلاب (SRM) | 00108045 | مكتبة كلية العلوم و الدراسات الإنسانية برماح - طلاب (SRM) | 2013-03-10 | كتاب | Dewey Decimal Classification | ||||||
| 2013-03-10 | 224.2 ج هـ م | ن 2 | 2013-01-26 | مكتبة مجمع الكليات بالزلفى - طلاب (SZM) | 00108041 | مكتبة مجمع الكليات بالزلفى - طلاب (SZM) | 2013-03-10 | كتاب | Dewey Decimal Classification |
